| Tag |
First Indicator |
Second Indicator |
Subfields |
| LEADER |
00000cam a2200000 4500 |
| 001 |
in00000006984 |
| 005 |
20151004070025.0 |
| 008 |
830630r19601929inu b 00110 eng |
| 010 |
|
|
|z 50011678
|
| 035 |
|
|
|a (OCoLC)09660256
|
| 035 |
|
|
|9 AAA1447AM
|
| 040 |
|
|
|a DLC
|c LNC
|d TJC
|d m/c
|d TXA
|d UtOrBLW
|
| 041 |
1 |
|
|a eng
|h lat
|
| 049 |
|
|
|a TXAM
|c [A12617404]
|
| 050 |
|
4 |
|a PA6308.D8
|b S3 1960
|
| 100 |
1 |
|
|a Cicero, Marcus Tullius.
|
| 245 |
1 |
0 |
|a On the commonwealth /
|c Marcus Tullius Cicero ; translated with an introduction by George Holland Sabine and Stanley Barney Smith.
|
| 264 |
|
1 |
|a Indianapolis,
|a New York :
|b Bobbs-Merrill,
|c [1960?]
|
| 300 |
|
|
|a ix, 276 pages ;
|c 20 cm.
|
| 336 |
|
|
|a text
|b txt
|2 rdacontent
|
| 337 |
|
|
|a unmediated
|b n
|2 rdamedia
|
| 338 |
|
|
|a volume
|b nc
|2 rdacarrier
|
| 490 |
1 |
|
|a The Library of liberal arts ;
|v 111
|
| 504 |
|
|
|a Includes bibliographical references and index.
|
| 500 |
|
|
|a "Reprinted from the original edition, published in 1929."
|
| 500 |
|
|
|a Translation of De re publica.
|
| 700 |
1 |
|
|a Sabine, George Holland,
|d 1880-1961.
|
| 700 |
1 |
|
|a Smith, Stanley Barney.
|
| 830 |
|
0 |
|a Library of liberal arts ;
|v 111.
|
| 999 |
|
|
|a MARS
|
| 999 |
f |
f |
|s b7088e8c-0dbc-3652-bd20-f4ecf2329f25
|i f4e0ced0-602a-3650-8904-b9d985e1df27
|t 0
|
| 952 |
f |
f |
|p normal
|a Texas A&M University
|b College Station
|c Sterling C. Evans Library
|d Evans: Library Stacks
|t 0
|e PA6308.D8 S3 1960
|h Library of Congress classification
|i unmediated -- volume
|m A14812617404
|
| 998 |
f |
f |
|a PA6308.D8 S3 1960
|t 0
|l Evans: Library Stacks
|